000 00478nam a2200181Ia 4500
008 240925s9999 xx 000 0 und d
020 _a9789332584822
082 _a658.3 DES
100 _aDessler, Gary
245 0 _aFundamentals of Human Resource Management
250 _a4th
260 _aUttar Pradesh:
_bPearson Education Inc
_c,2018.
300 _axix, 434p.
_b0
_fOriginal
500 _aIncludes Index
600 _aManagement
650 _aManagement
942 _cBK
999 _c15650
_d15650